| 000 | 01100 a2200217 4500 | ||
|---|---|---|---|
| 003 | Nust | ||
| 005 | 20230608083600.0 | ||
| 010 | _a 99015468 | ||
| 020 | _a0072337451 | ||
| 040 | _cNust | ||
| 082 | 0 | 0 | _a005.72,GOT |
| 100 | 1 |
_aGottleber, Timothy T. _956243 |
|
| 245 | 1 | 0 |
_aMore excellent HTML with an introduction to JavaScript / _cTimothy T. Gottleber, Timothy N. Trainor. |
| 260 |
_aBoston : _bIrwin/McGraw-Hill, _cc2000. |
||
| 300 |
_axxiii, 550 p. : _bill. (some col.) ; _c25 cm. + _e1 computer optical disc (4 3/4 in.) |
||
| 505 | _aAn Html Overview (Page-1), Your First Webpage (Page-31), Links (Page-59), Lists (Page-83), Formatting (Page-109), Inclusions (Page-139), Tables (Page-181), Styles (Page-217), Frames (Page-247), Forms(Page-275), CGI (Page-313), Features To Help The Users (Page-343), Javascript Programs For Html (Page-381), Dynamic Html (Page-419), Pragmatic Html (Page-455). | ||
| 650 | 0 |
_aHTML (Document markup language) _936858 |
|
| 650 | 0 |
_aJavaScript (Computer program language) _93349 |
|
| 700 | 1 |
_aTrainor, Timothy N., _d1953- _9113068 |
|
| 942 |
_2ddc _cBK _k005.72,GOT |
||
| 999 |
_c194750 _d194750 |
||